Problem in Organic Reaction Mechanisms
| Main Author: | |
|---|---|
| Format: | Section = Libro |
| Language: | Undetermined Spanish |
| Published: |
United Stated
Appleton-Century-Crofts
1969
|
| Subjects: |
| LEADER | 00578nam a2200205Ia 4500 | ||
|---|---|---|---|
| 008 | 240830s9999 xx 000 0 und d | ||
| 040 | |a CEDOC FIQ-RUSB / 547 M544 | ||
| 041 | |a spa | ||
| 082 | |a 547 M544 | ||
| 100 | 1 | |a Menger, F.M | |
| 245 | 1 | 0 | |a Problem in Organic Reaction Mechanisms |
| 260 | |a United Stated |b Appleton-Century-Crofts |c 1969 | ||
| 300 | |a 121 p. :il | ||
| 650 | 7 | |a QUÍMICA ORGÁNICA | |
| 650 | 7 | |b MODELOS DE ENZIMAS | |
| 650 | 7 | |c REACCIÓN ORGÁNICO | |
| 650 | 7 | |d ESPECTROSCOPÍA ELECTROMAGNÉTICA NUCLEAR | |
| 942 | |c BK |2 ddc | ||
| 991 | |a TEXTO | ||
| 999 | |c 14034 | ||